Asertivitou proti stresu /
Uloženo v:
| Hlavní autor: | |
|---|---|
| Další autoři: | |
| Médium: | Kniha |
| Jazyk: | Czech |
| Vydáno: |
Praha :
Grada,
1996
|
| Vydání: | 1. vyd. |
| Témata: |
psychologie
> mezilidské
> vztahy
> komunikace (sdělování)
> stres
> asertivita
> jednání
> sociální
> chování
> příručky
|
| Celkem bylo vypůjčeno: | 33x |
| Tagy: |
Žádné tagy |
| LEADER | 01001nam a2200253 a 4500 | ||
|---|---|---|---|
| 001 | 34179 | ||
| 005 | 20240330055723.0 | ||
| 008 | 960826s1996----xr ---------u-------cze-d | ||
| 015 | |a cnb000151743 | ||
| 020 | |a 80-7169-334-0 : |c 149.00 Kč | ||
| 040 | |a UOG502 |e AACR2 |9 1 |b cze | ||
| 080 | |a 316.6 | ||
| 080 | |a 159.94 | ||
| 100 | 1 | |a Praško, Ján, |d 1956- |7 jn20000402046 |4 aut |9 41206 | |
| 245 | 1 | 0 | |a Asertivitou proti stresu / |c Ján Praško, Hana Prašková |
| 250 | |a 1. vyd. | ||
| 260 | |a Praha : |b Grada, |c 1996 | ||
| 300 | |a 181 s. | ||
| 653 | |a psychologie |a mezilidské |a vztahy |a komunikace (sdělování) |a stres |a asertivita |a jednání |a sociální |a chování |a příručky | ||
| 700 | 1 | |a Prašková, Hana, |d 1956- |7 jn20000402047 |4 aut |9 5687 | |
| 910 | |a UOG502 | ||
| 999 | |c 34179 |d 34179 | ||
| 942 | 0 | 0 | |0 33 |
| 993 | |0 0 |1 421180041712 |4 0 |6 159_900000000000000 |7 0 |9 14942 |a 149.00 |b 0 |c 41712 |d 1996-08-26 |e 33 |f SKLAD |g 159.9 |h 149.00 |i Zámecké knihkupectví |j 29 |l SKLAD |m 2 |r 2021-02-15 |s 2017-12-22 |t 5 |w 2017-09-19 |y KN |z NAUCNA |v B | ||